00241nam a2200097Ia 4500008004100000100001600041245004700057260002000104300000700124650001200131190216s9999||||xx |||||||||||||| ||und|| aRengasamy P 0aPaths Of Glory An Anthology Of Biographies bMacmillanc1984 a65 aEnglish